书目信息 |
| 题名: |
全国勘察设计注册公用设备工程师暖通空调专业考试备考应试指南
|
|
| 作者: | 林星春, , 房天宇 主编 | |
| 分册: | 上册 | |
| 出版信息: | 北京 中国建筑工业出版社 2021.03 |
|
| 页数: | 12, 451页 | |
| 开本: | 26cm | |
| 丛书名: | ||
| 单 册: | ||
| 中图分类: | TU99 , TU83 | |
| 科图分类: | ||
| 主题词: | 建筑工程--jian zhu gong cheng--供热系统--资格考试--自学参考资料 , 建筑工程--jian zhu gong cheng--通风系统--资格考试--自学参考资料 , 建筑工程--jian zhu gong cheng--空气调节系统--资格考试--自学参考资料 | |
| 电子资源: | ||
| ISBN: | 978-7-112-25924-3 | |
| 000 | 01429nam0 2200325 450 | |
| 001 | 202021194832 | |
| 005 | 20211025120147.0 | |
| 010 | @a978-7-112-25924-3@dCNY94.00 | |
| 100 | @a20211005d2021 em y0chiy50 ea | |
| 101 | 0 | @achi |
| 102 | @aCN@b110000 | |
| 105 | @aak a 000yy | |
| 106 | @ar | |
| 200 | 1 | @a全国勘察设计注册公用设备工程师暖通空调专业考试备考应试指南@Aquan guo kan cha she ji zhu ce gong yong she bei gong cheng shi nuan tong kong tiao zhuan ye kao shi bei kao ying shi zhi nan@h上册@f林星春, 房天宇主编 |
| 210 | @a北京@c中国建筑工业出版社@d2021.03 | |
| 215 | @a12, 451页@c图@d26cm | |
| 300 | @a2021版 | |
| 314 | @a林星春, 中共党员, 2007年东华大学研究生毕业, 同年入职上海现代建筑设计有限公司。 | |
| 320 | @a有书目 (第861-864页) | |
| 330 | @a本书分上、下两册, 包含专业知识题 ; 专业案例题 ; 实战试卷及解析 ; 扩展总结共4篇, 主要内容包括: 供暖专业知识题 ; 通风专业知识题 ; 空气调节与洁净技术专业知识题等。 | |
| 606 | 0 | @a建筑工程@Ajian zhu gong cheng@x供热系统@x资格考试@j自学参考资料 |
| 606 | 0 | @a建筑工程@Ajian zhu gong cheng@x通风系统@x资格考试@j自学参考资料 |
| 606 | 0 | @a建筑工程@Ajian zhu gong cheng@x空气调节系统@x资格考试@j自学参考资料 |
| 690 | @aTU99@v5 | |
| 690 | @aTU83@v5 | |
| 701 | 0 | @a林星春,@Alin xing chun@f1983-@4主编 |
| 701 | 0 | @a房天宇@Afang tian yu@4主编 |
| 801 | 0 | @aCN@c20210909 |
| 804 | @a上册, 12, 451 ; 下册, 456-864 | |
| 905 | @a河南城建学院图书馆@dTU99@eL520:1 | |
| 全国勘察设计注册公用设备工程师暖通空调专业考试备考应试指南.上册/林星春, 房天宇主编.-北京:中国建筑工业出版社,2021.03 |
| 12, 451页:图;26cm |
| 2021版 |
| ISBN 978-7-112-25924-3:CNY94.00 |
| 本书分上、下两册, 包含专业知识题 ; 专业案例题 ; 实战试卷及解析 ; 扩展总结共4篇, 主要内容包括: 供暖专业知识题 ; 通风专业知识题 ; 空气调节与洁净技术专业知识题等。 |
| ● |
| 相关链接 |
|
|
|
正题名:全国勘察设计注册公用设备工程师暖通空调专
索取号:TU99/L520:1
 
预约/预借
| 序号 | 登录号 | 条形码 | 馆藏地/架位号 | 状态 | 备注 |
| 1 | 1544185 | 215441859 | 建筑库201/201建筑库 121排2列5层/ [索取号:TU99/L520:1] | 在馆 |